|
ride, | | 99% | Slow | | 99% | Slow | | 99% | ride, | | 99% | Slow | | 99% | ride, | | 99% | Slow | | 99% | ride, | | 99% | slow | | 99% | ride. | | 99% | Slow | | 99% | ride, | | 99% | Slow | | 99% | ride, | | 99% | Slow | | 99% | slow | | 99% | Slow | | 99% | ride, | | 99% | Slow | | 99% | ride, | | 99% | Slow | | 99% | slow | | 99% | Slow | | 99% | ride, | | 99% | Slow | | 99% | ride, | | 99% | Slow | | 99% | ride, | | 99% | Slow | | 99% | ride, | | 99% | Slow | | 99% | slow | | 99% | Slow | | 99% | ride, | | 99% | Slow | | 99% | ride, | | 99% | Slow | | 99% | Slow | | 99% | slow | | 99% | ride | | 99% | slow | | 99% | ride. | | 99% | I | | 99% | I | | 99% | I | | 99% | Slow | | 99% | ride! | | 99% | take | | 96.6% | it | | 96.6% | take | | 96.6% | it | | 96.6% | take | | 96.6% | it | | 96.6% | take | | 96.6% | it | | 96.6% | take | | 96.6% | it | | 96.6% | take | | 96.6% | it | | 96.6% | take | | 96.6% | it | | 96.6% | take | | 96.6% | it | | 96.6% | take | | 96.6% | it | | 96.6% | take | | 96.6% | it | | 96.6% | Take | | 96.6% | Take | | 96.6% | it, | | 96.6% | easy. | | 96.1% | easy. | | 96.1% | easy. | | 96.1% | easy. | | 96.1% | easy. | | 96.1% | easy. | | 96.1% | easy. | | 96.1% | easy. | | 96.1% | easy. | | 96.1% | easy. | | 96.1% | easy. | | 96.1% | easy. | | 96.1% | right, | | 93.7% | the | | 93.2% | The | | 93.2% | the | | 93.2% | the | | 93.2% | The | | 93.2% | the | | 93.2% | the | | 93.2% | the | | 93.2% | the | | 93.2% |
|
|
the | | 93.2% | a | | 90.8% | a | | 90.8% | to | | 88.3% | to | | 88.3% | to | | 88.3% | to | | 88.3% | to | | 88.3% | in | | 87.4% | in | | 87.4% | go | | 86.9% | go | | 86.9% | go | | 86.9% | go | | 86.9% | go | | 86.9% | I'm | | 84% | is | | 84% | I'm | | 84% | is | | 84% | all | | 84% | is | | 84% | is | | 84% | is | | 84% | is | | 84% | all | | 83% | all | | 83% | all | | 83% | all | | 83% | all | | 83% | all | | 83% | right. | | 82.5% | We | | 82.5% | right. | | 82.5% | we | | 82.5% | right. | | 82.5% | right. | | 82.5% | right. | | 82.5% | We | | 82.5% | We | | 82.5% | We | | 82.5% | right. | | 82.5% | We | | 82.5% | night. | | 81.6% | down, | | 81.6% | down, | | 81.6% | night, | | 81.6% | down, | | 81.6% | down, | | 81.6% | down, | | 81.6% | down, | | 81.6% | down, | | 81.6% | down. | | 81.6% | down, | | 81.6% | down. | | 81.6% | night. | | 81.6% | night. | | 81.6% | night. | | 81.6% | night. | | 81.6% | on, | | 78.6% | on, | | 78.6% | You | | 78.6% | You | | 78.6% | You | | 78.6% | You | | 78.6% | on | | 78.6% | mood. | | 77.2% | mood. | | 77.2% | can | | 76.2% | me, | | 76.2% | me, | | 76.2% | can | | 76.2% | me, | | 76.2% | me, | | 76.2% | me, | | 76.2% | me, | | 76.2% | me. | | 76.2% | me, | | 76.2% | me, | | 76.2% | me, | | 76.2% | me, | | 76.2% | music. | | 73.3% | music. | | 73.3% | rhythm | | 71.8% | got | | 71.8% | rhythm | | 71.8% | got | | 71.8% | got | | 71.8% | rhythm | | 71.8% | rhythm | | 71.8% | gotta | | 71.8% | gotta | | 71.8% | rhythm | | 71.8% |
|
|
Comments